000
00207nam a2200085Ia 4500
008
250605s9999 xx 000 0 und d
041
_a
eng
100
_a
Pratyush Singh
245
_a
Aadvik Foods & Products Pvt Ltd
999
_c
45725
_d
45725